000 01029nam a22003377a 4500
001 BR9301023
003 BR-BrBNA
005 20230928094511.0
007 ta
008 230509b bl.||||| |||| 00| 0 por d
040 _aBR-BrBNA
_bpor
_cBiblioteca Nacional de Agricultura
041 _a(Por)
072 _aF04
_b2120
_b3530
_b3801
090 _ 2120 BR9301023
100 1 _aTonelli, C.T.
110 1 _aEscola Superior de Agricultura de Lavras, MG (Brasil)
_0Tese (Mestre em Fitotecnia)
245 1 _aEfeito de doses e numero de aplicacoes de nitrocalcio e superfosfato simples em mudas de cafeeiro (Coffea arabica L.), podadas
260 3 _aLavras, MG (Brasil):
_c1990.
300 _a93 p.
500 _a17 tables; 30 graphs; 48 ref.; Summaries (Eng, Por)
650 _aNutricao Vegetal
650 _aCafe
650 _aMuda
650 _aPoda
650 _aNutriente
650 _aSuperfosfato Simples
650 _aNitrogenio
650 _aCalcio
909 _a202309
_bLucia
_c55
_dLucia Elande
942 _cBK
999 _c51047
_d51047